000 00705nam a2200205Ia 4500
003 GCL
008 140319s9999 xx 000 0 ara d
040 _aGCL /
_cGCL
082 0 4 _aق
_b305.8
_bم هـ
100 1 _aمحمد نعمان جلال
245 1 0 _aهوية مصر /
_cمحمد نعمان جلال
700 1 _aمجدى المتولى
260 _aالقاهرة :
_bالهيئة المصرية العامة للكتاب ،
_c1997
300 _a269 ص ؛
_c24 سم
650 0 4 _aالحضارة
650 0 4 _aالانثربولوجيا الثقافية
650 0 4 _aمصر - الاحوال السياسية
650 0 4 _aمصر - الاحوال الاجتماعية
942 _2ddc
_cBK
999 _c50288
_d50288